[Event "NOR-chT Elite 2122"]
[Site "Norway"]
[Date "2021.10.31"]
[Round "3.4"]
[White "Vitenberg, Noam Aviv"]
[Black "Demac, Elias"]
[Result "1/2-1/2"]
[WhiteElo "2305"]
[BlackElo "2232"]
[PlyCount "108"]
[EventDate "2021.10.28"]
[EventType "team-tourn"]
[EventRounds "9"]
[EventCountry "NOR"]
[SourceTitle "EXT 2024"]
[Source "ChessBase"]
[SourceDate "2023.10.10"]
[SourceVersion "1"]
[SourceVersionDate "2023.10.10"]
[SourceQuality "1"]
[WhiteTeam "Oslo SK 1911"]
[BlackTeam "Bergens"]
[WhiteTeamCountry "NOR"]
[BlackTeamCountry "NOR"]

1. d4 f5 2. e4 fxe4 3. Nc3 Nf6 4. Bg5 Nc6 5. d5 Ne5 6. Qe2 Nf7 7. Bxf6 exf6 8. Nxe4 Bb4+ 9. c3 Be7 10. d6 cxd6 11. 0-0-0 Rb8 12. Qg4 0-0 13. Bc4 b5 14. Bd5 Bb7 15. Nf3 Bxd5 16. Rxd5 b4 17. cxb4 Ne5 18. Nxe5 f5 19. Qe2 dxe5 20. Nc5 d6 21. Na6 Rc8+ 22. Kb1 Qe8 23. b5 Qg6 24. f4 Bf6 25. Rxd6 exf4 26. Nb4 f3 27. gxf3 f4+ 28. Qd3 Qg2 29. Qb3+ Kh8 30. Rdd1 Rcd8 31. Rdg1 Qe2 32. Rd1 Qxb5 33. Nd5 Qxb3 34. axb3 Bh4 35. Rd3 g5 36. Rhd1 Rfe8 37. Nf6 Rxd3 38. Rxd3 Rf8 39. Ng4 Kg7 40. Ne5 Rf5 41. Rd7+ Kf8 42. Nc4 Rf7 43. Rd8+ Kg7 44. Rd2 Re7 45. Kc2 Kf6 46. Rd6+ Kf7 47. Rd2 Be1 48. Rd5 Kg6 49. Ne5+ Kg7 50. Kd3 Rb7 51. Kc2 Rc7+ 52. Kd3 Rb7 53. Kc2 Rc7+ 54. Kd3 Rb7 1/2-1/2

[Event "Leon Blitz op 34th"]
[Site "Chess.com INT"]
[Date "2021.07.07"]
[Round "13"]
[White "Vitenberg, Noam Aviv"]
[Black "Kadam, Om Manish"]
[Result "1-0"]
[WhiteElo "2315"]
[BlackElo "2114"]
[PlyCount "99"]
[EventDate "2021.07.07"]
[EventType "swiss (blitz)"]
[EventRounds "14"]
[EventCountry "ESP"]
[SourceTitle "CBM 203 Extra"]
[Source "ChessBase"]
[SourceDate "2021.09.30"]
[SourceVersion "1"]
[SourceVersionDate "2021.09.30"]
[SourceQuality "1"]

1. d4 Nf6 2. c4 g6 3. Nc3 d5 4. cxd5 Nxd5 5. e4 Nxc3 6. bxc3 Bg7 7. Nf3 c5 8. Be3 0-0 9. Qd2 Qa5 10. Rc1 Rd8 11. d5 e6 12. Bg5 f6 13. Be3 exd5 14. exd5 b6 15. c4 Qxd2+ 16. Nxd2 Re8 17. Be2 Nd7 18. 0-0 Ne5 19. Ne4 Nf7 20. Bf3 Bf5 21. Nc3 Ne5 22. Be2 Bd7 23. Rfe1 Kf7 24. a4 h6 25. Nb5 Bxb5 26. axb5 f5 27. Red1 Rad8 28. Rc2 Re7 29. Ra2 g5 30. f4 Ng6 31. Bc1 Bd4+ 32. Kf1 Nxf4 33. Bxf4 gxf4 34. Rd3 Kf6 35. Rh3 Kg7 36. Rha3 Rdd7 37. Ra4 Kf6 38. R4a3 Be3 39. Bh5 Bc1 40. Rc3 Be3 41. Rca3 Bd4 42. Bf3 Be5 43. Ra4 Bc3 44. R4a3 Bb4 45. Rd3 Re1+ 46. Kf2 Rc1 47. d6 Rxc4 48. Bc6 Rd8 49. d7 Ba5 50. Re2 1-0

[Event "Villorba op 1st"]
[Site "Villorba"]
[Date "2021.06.29"]
[Round "7"]
[White "Bernadskiy, Vitaliy"]
[Black "Vitenberg, Noam Aviv"]
[Result "0-1"]
[WhiteElo "2599"]
[BlackElo "2320"]
[PlyCount "80"]
[EventDate "2021.06.25"]
[EventType "swiss"]
[EventRounds "9"]
[EventCountry "ITA"]
[SourceTitle "CBM 203 Extra"]
[Source "ChessBase"]
[SourceDate "2021.09.30"]
[SourceVersion "1"]
[SourceVersionDate "2021.09.30"]
[SourceQuality "1"]

1. d4 d5 2. c4 e6 3. Nc3 Nf6 4. cxd5 exd5 5. Bg5 c6 6. Qc2 Bd6 7. e3 0-0 8. Bd3 h6 9. Bh4 Re8 10. Nf3 Be6 11. Ne5 c5 12. Nb5 cxd4 13. exd4 Qa5+ 14. Kf1 Be7 15. Qc3 Qxc3 16. Nxc3 Nc6 17. Nxc6 bxc6 18. Rc1 c5 19. dxc5 Bxc5 20. Bg3 Rac8 21. Ba6 Rcd8 22. Na4 Bd6 23. Bd3 d4 24. Nc5 Bxa2 25. Nb7 Rc8 26. Ra1 Bb4 27. Bd6 Bc4 28. Bxc4 Rxc4 29. b3 Bc3 30. bxc4 Bxa1 31. g3 d3 32. Kg2 Bc3 33. Nc5 d2 34. Na4 Ba5 35. Bf4 Re1 36. Nb2 Ne4 37. Nd1 g5 38. Be3 Bb6 39. Bxb6 axb6 40. Rf1 g4 0-1

[Event "Villorba op 1st"]
[Site "Villorba"]
[Date "2021.06.28"]
[Round "6"]
[White "Basso, Pier Luigi"]
[Black "Vitenberg, Noam Aviv"]
[Result "1-0"]
[WhiteElo "2550"]
[BlackElo "2320"]
[PlyCount "77"]
[EventDate "2021.06.25"]
[EventType "swiss"]
[EventRounds "9"]
[EventCountry "ITA"]
[SourceTitle "CBM 203 Extra"]
[Source "ChessBase"]
[SourceDate "2021.09.30"]
[SourceVersion "1"]
[SourceVersionDate "2021.09.30"]
[SourceQuality "1"]

1. d4 d5 2. c4 e6 3. Nf3 Nf6 4. Nc3 Bb4 5. e3 c5 6. Bd2 Nc6 7. a3 Bxc3 8. Bxc3 Ne4 9. Qc2 cxd4 10. Bxd4 Nxd4 11. exd4 0-0 12. Bd3 Nf6 13. c5 Bd7 14. b4 a6 15. a4 b5 16. Ne5 bxa4 17. c6 Be8 18. Rxa4 Qc8 19. 0-0 Ne4 20. f3 Nd6 21. Rc1 f6 22. Bxh7+ Kh8 23. Ng6+ Bxg6 24. Bxg6 f5 25. Qf2 Nf7 26. Qa2 Nd6 27. Qf2 Nf7 28. Bxf7 Rxf7 29. Qh4+ Kg8 30. Qf4 Rb8 31. Rxa6 Rxb4 32. Rca1 Qc7 33. Ra8+ Kh7 34. Qh4+ Kg6 35. f4 Rb8 36. R8a3 Re7 37. Rg3+ Kf7 38. Qh7 Rg8 39. Qg6+ 1-0

[Event "Villorba op 1st"]
[Site "Villorba"]
[Date "2021.06.28"]
[Round "5"]
[White "Vitenberg, Noam Aviv"]
[Black "Muetsch, Annmarie"]
[Result "1-0"]
[WhiteElo "2320"]
[BlackElo "2297"]
[PlyCount "73"]
[EventDate "2021.06.25"]
[EventType "swiss"]
[EventRounds "9"]
[EventCountry "ITA"]
[SourceTitle "CBM 203 Extra"]
[Source "ChessBase"]
[SourceDate "2021.09.30"]
[SourceVersion "1"]
[SourceVersionDate "2021.09.30"]
[SourceQuality "1"]

1. Nf3 Nf6 2. c4 g6 3. Nc3 Bg7 4. e4 d6 5. d4 0-0 6. Be2 e5 7. Be3 Na6 8. d5 Nc5 9. Nd2 a5 10. a3 Bd7 11. b4 Na6 12. Rb1 axb4 13. axb4 c5 14. bxc5 Nxc5 15. Bxc5 dxc5 16. Rxb7 Ra3 17. Rb3 Qa5 18. 0-0 Bh6 19. Nf3 Re8 20. Qc2 Nh5 21. g3 f5 22. exf5 Bxf5 23. Rxa3 Qxa3 24. Ne4 Be3 25. Nh4 Bxe4 26. Qxe4 Bd4 27. Bxh5 gxh5 28. Qf5 Rf8 29. Qg5+ Kh8 30. Nf5 Qa7 31. Qxh5 Qa6 32. Nxd4 exd4 33. Re1 Qa2 34. Re2 Qa1+ 35. Kg2 d3 36. Qh6 Kg8 37. Re7 1-0

[Event "Villorba op 1st"]
[Site "Villorba"]
[Date "2021.06.26"]
[Round "3"]
[White "Vitenberg, Noam Aviv"]
[Black "Torngren, Gustav"]
[Result "1/2-1/2"]
[WhiteElo "2320"]
[BlackElo "2243"]
[PlyCount "56"]
[EventDate "2021.06.25"]
[EventType "swiss"]
[EventRounds "9"]
[EventCountry "ITA"]
[SourceTitle "CBM 203 Extra"]
[Source "ChessBase"]
[SourceDate "2021.09.30"]
[SourceVersion "1"]
[SourceVersionDate "2021.09.30"]
[SourceQuality "1"]

1. e4 c6 2. d4 d5 3. Nc3 dxe4 4. Nxe4 Bf5 5. Ng3 Bg6 6. h4 h6 7. Nf3 Nd7 8. h5 Bh7 9. Bd3 Bxd3 10. Qxd3 e6 11. Bd2 Ngf6 12. 0-0-0 Be7 13. Kb1 0-0 14. Nf1 c5 15. g4 cxd4 16. g5 Nc5 17. Qe2 Nfe4 18. gxh6 d3 19. cxd3 Qxd3+ 20. Qxd3 Nxd3 21. Rg1 Ndxf2 22. Rxg7+ Kh8 23. Bg5 Bxg5 24. Nxg5 Nxd1 25. Rh7+ Kg8 26. Rg7+ Kh8 27. Rh7+ Kg8 28. Rg7+ Kh8 1/2-1/2

[Event "Villorba op 1st"]
[Site "Villorba"]
[Date "2021.06.26"]
[Round "2"]
[White "Warmerdam, Max"]
[Black "Vitenberg, Noam Aviv"]
[Result "1-0"]
[WhiteElo "2535"]
[BlackElo "2320"]
[PlyCount "81"]
[EventDate "2021.06.25"]
[EventType "swiss"]
[EventRounds "9"]
[EventCountry "ITA"]
[SourceTitle "CBM 203 Extra"]
[Source "ChessBase"]
[SourceDate "2021.09.30"]
[SourceVersion "1"]
[SourceVersionDate "2021.09.30"]
[SourceQuality "1"]

1. d4 Nf6 2. c4 c5 3. d5 b5 4. cxb5 a6 5. bxa6 Bxa6 6. Nc3 d6 7. g3 g6 8. Bg2 Bg7 9. Nf3 0-0 10. 0-0 Nbd7 11. Rb1 Bb7 12. b3 Ne8 13. Qc2 Bxc3 14. Qxc3 Nef6 15. Bh6 Re8 16. e4 Qa5 17. Qc2 Qxa2 18. Rb2 Qa3 19. Bh3 Ba6 20. Rd1 Bb5 21. Qc3 Nb6 22. Rc1 Bd7 23. Bg2 Reb8 24. Rbb1 Qa6 25. h3 Qc8 26. Ng5 Ra2 27. Rd1 Qa6 28. Ra1 Qe2 29. Qf3 Qxf3 30. Bxf3 Rba8 31. Rac1 R8a5 32. Re1 R2a3 33. e5 Nfxd5 34. exd6 e6 35. Bxd5 exd5 36. Re7 Ra1 37. Rxa1 Rxa1+ 38. Kh2 Ra8 39. Rxf7 Be6 40. Rg7+ Kh8 41. Nxe6 1-0

[Event "Titled Tuesday intern op 09th Feb"]
[Site "Chess.com INT"]
[Date "2021.02.09"]
[Round "2"]
[White "Macovei, Andrei"]
[Black "Vitenberg, Noam Aviv"]
[Result "1-0"]
[WhiteElo "2453"]
[BlackElo "2320"]
[PlyCount "185"]
[EventDate "2021.02.09"]
[EventType "swiss (blitz)"]
[EventRounds "11"]
[EventCountry "USA"]
[SourceTitle "EXT 2022"]
[Source "ChessBase"]
[SourceDate "2021.10.06"]
[SourceVersion "1"]
[SourceVersionDate "2021.10.06"]
[SourceQuality "1"]

1. e4 d6 2. d4 Nf6 3. Bd3 Nbd7 4. c3 e5 5. Nf3 c6 6. 0-0 Be7 7. Re1 0-0 8. Nbd2 b6 9. a4 Bb7 10. Nf1 a6 11. Ng3 Re8 12. Qc2 b5 13. h3 Bf8 14. b3 g6 15. Bb2 Bg7 16. c4 Rc8 17. c5 exd4 18. cxd6 c5 19. axb5 axb5 20. e5 Nd5 21. Bxb5 Bc6 22. Bxc6 Rxc6 23. Nxd4 Rc8 24. Nf3 Nb4 25. Qd1 Nc6 26. Qd5 Nb4 27. Qc4 Nc6 28. Qd5 Nb4 29. Qb7 Nc2 30. Qd5 Nxe1 31. Rxe1 Nb6 32. Qd3 c4 33. bxc4 Nxc4 34. Ba1 Qa5 35. Kh2 Red8 36. Bc3 Qa3 37. Rd1 Nxd6 38. exd6 Qxc3 39. Qe4 Qf6 40. d7 Rb8 41. h4 h5 42. Rd2 Bh6 43. Rd5 Bf8 44. Ng5 Qe7 45. Qd3 Rb7 46. Nxh5 Bg7 47. Nxg7 Kxg7 48. Qd4+ Kg8 49. h5 Rbxd7 50. hxg6 Rxd5 51. gxf7+ Qxf7 52. Qg4 Qg7 53. f4 Rd4 54. Qe6+ Kh8 55. Qh3+ Kg8 56. Qe6+ Kf8 57. Kg3 Re8 58. Qf5+ Ke7 59. Qc5+ Rd6 60. Qc7+ Rd7 61. Qc5+ Kd8 62. Kf3 Rc7 63. Qd5+ Kc8 64. Qa8+ Kd7 65. Qd5+ Kc8 66. Qa8+ Kd7 67. Qd5+ Ke7 68. Qe4+ Kd8 69. Qd5+ Qd7 70. Qa8+ Rc8 71. Qa5+ Qc7 72. Qd5+ Qd7 73. Qa5+ Ke7 74. Qe5+ Kf8 75. Qf6+ Kg8 76. Qg6+ Kf8 77. Nh7+ Qxh7 78. Qxh7 Rc3+ 79. Kg4 Rcc8 80. Qf5+ Kg8 81. Qg6+ Kh8 82. Qh6+ Kg8 83. f5 Rc4+ 84. Kg5 Rc7 85. g4 Rg7+ 86. Kf4 Ra8 87. Qe6+ Kh8 88. Qc6 Rf8 89. g5 Re7 90. g6 Rg7 91. Kg5 Rfg8 92. Qh1+ Rh7 93. Qxh7# 1-0

[Event "Titled Tuesday intern op 09th Feb"]
[Site "Chess.com INT"]
[Date "2021.02.09"]
[Round "11"]
[White "Vitenberg, Noam Aviv"]
[Black "Damjanovic, Vladimir"]
[Result "1-0"]
[WhiteElo "2320"]
[BlackElo "2393"]
[PlyCount "79"]
[EventDate "2021.02.09"]
[EventType "swiss (blitz)"]
[EventRounds "11"]
[EventCountry "USA"]
[SourceTitle "EXT 2022"]
[Source "ChessBase"]
[SourceDate "2021.10.06"]
[SourceVersion "1"]
[SourceVersionDate "2021.10.06"]
[SourceQuality "1"]

1. Nf3 Nc6 2. d4 Nf6 3. c4 g6 4. Nc3 Bg7 5. e4 d6 6. Be2 0-0 7. Be3 a5 8. a3 Bg4 9. d5 Nb8 10. 0-0 Na6 11. Nd2 Bxe2 12. Qxe2 Nd7 13. Rac1 e5 14. Rb1 f5 15. f3 Nac5 16. b4 axb4 17. axb4 Na4 18. Nxa4 Rxa4 19. c5 Nf6 20. Qb5 Qa8 21. cxd6 cxd6 22. Nc4 Ra6 23. Nb6 Qd8 24. Nc4 fxe4 25. Qxb7 Ra4 26. Qc6 Ra2 27. Bb6 Qb8 28. Bc7 Qa7+ 29. Bb6 Qa6 30. Nxd6 Qe2 31. Rf2 Qd3 32. Rbf1 Rxf2 33. Rxf2 e3 34. Rf1 e2 35. Re1 Bh6 36. Qc4 Be3+ 37. Bxe3 Qxe3+ 38. Kh1 Ra8 39. h3 Nh5 40. Ne4 1-0

[Event "Titled Tuesday intern op 02nd Feb"]
[Site "Chess.com INT"]
[Date "2021.02.02"]
[Round "5"]
[White "Abdyjapar, Asyl"]
[Black "Vitenberg, Noam Aviv"]
[Result "1-0"]
[WhiteElo "2394"]
[BlackElo "2320"]
[PlyCount "99"]
[EventDate "2021.02.02"]
[EventType "swiss (blitz)"]
[EventRounds "11"]
[EventCountry "USA"]
[SourceTitle "CBM 200 Extra"]
[Source "ChessBase"]
[SourceDate "2021.03.31"]
[SourceVersion "1"]
[SourceVersionDate "2021.03.31"]
[SourceQuality "1"]

1. d4 e6 2. e4 d5 3. Nc3 h6 4. a3 Nc6 5. Nf3 Nf6 6. e5 Ne4 7. Bd2 Be7 8. Bd3 Nxd2 9. Qxd2 Bg5 10. Qe2 Bd7 11. h4 Be7 12. g4 Na5 13. 0-0-0 Rc8 14. Kb1 c5 15. dxc5 Bxc5 16. Nb5 Qb6 17. g5 a6 18. Nd6+ Bxd6 19. exd6 Qxd6 20. g6 f6 21. c4 0-0 22. cxd5 exd5 23. Nd4 Rfe8 24. Qf3 Nc6 25. Nf5 Bxf5 26. Bxf5 Rcd8 27. Bc2 Ne5 28. Qg3 Nc4 29. Qc3 Qe5 30. Rd4 Rc8 31. Rhd1 Red8 32. Qf3 Rc5 33. Be4 Nb6 34. Bc2 Rb5 35. a4 Rc5 36. Bb3 Kh8 37. Rb4 Qd6 38. Qe3 Rc1+ 39. Rxc1 Qxb4 40. Rc7 Nxa4 41. Bxa4 Qxa4 42. Qe7 Qd1+ 43. Rc1 Qd3+ 44. Ka1 Rg8 45. h5 Qf5 46. Qf7 Qxh5 47. Re1 Qf3 48. Ka2 Qxf2 49. Re8 Rxe8 50. Qxe8# 1-0

[Event "Titled Tuesday intern op 02nd Feb"]
[Site "Chess.com INT"]
[Date "2021.02.02"]
[Round "6"]
[White "Vitenberg, Noam Aviv"]
[Black "Ivanisevic, Ivan"]
[Result "0-1"]
[WhiteElo "2320"]
[BlackElo "2606"]
[PlyCount "70"]
[EventDate "2021.02.02"]
[EventType "swiss (blitz)"]
[EventRounds "11"]
[EventCountry "USA"]
[SourceTitle "CBM 200 Extra"]
[Source "ChessBase"]
[SourceDate "2021.03.31"]
[SourceVersion "1"]
[SourceVersionDate "2021.03.31"]
[SourceQuality "1"]

1. Nf3 d5 2. e3 Nf6 3. Be2 g6 4. d4 Bg7 5. 0-0 0-0 6. c4 c5 7. Nc3 cxd4 8. exd4 Nc6 9. Bg5 Be6 10. c5 Ne4 11. Bb5 Nxg5 12. Nxg5 Nxd4 13. Nxe6 fxe6 14. Ba4 Qc7 15. Rc1 Qxc5 16. Bd7 Qd6 17. Ba4 Rf7 18. Qd2 Raf8 19. Ne2 Nxe2+ 20. Qxe2 Rf4 21. Bb3 Bd4 22. Kh1 Rxf2 23. Rxf2 Rxf2 24. Qb5 Bb6 25. Re1 Kg7 26. Qd3 Bc7 27. g3 Rf6 28. Rc1 Bb6 29. Re1 h5 30. Rd1 Qc5 31. Bc2 Qf2 32. a3 e5 33. b4 e4 34. Qb3 Qe2 35. Rb1 Rf1+ 0-1

[Event "Titled Tuesday intern op 02nd Feb"]
[Site "Chess.com INT"]
[Date "2021.02.02"]
[Round "9"]
[White "Vitenberg, Noam Aviv"]
[Black "Mayeregger, Arnold"]
[Result "1-0"]
[WhiteElo "2320"]
[BlackElo "2121"]
[PlyCount "83"]
[EventDate "2021.02.02"]
[EventType "swiss (blitz)"]
[EventRounds "11"]
[EventCountry "USA"]
[SourceTitle "CBM 200 Extra"]
[Source "ChessBase"]
[SourceDate "2021.03.31"]
[SourceVersion "1"]
[SourceVersionDate "2021.03.31"]
[SourceQuality "1"]

1. Nf3 c5 2. g3 g6 3. Bg2 Bg7 4. 0-0 Nc6 5. e3 Nf6 6. d4 cxd4 7. exd4 d5 8. c3 0-0 9. Bf4 Ne4 10. Nbd2 Bf5 11. Re1 Rc8 12. h3 Nxd2 13. Qxd2 Be4 14. Bh6 e6 15. Qf4 Qf6 16. Qxf6 Bxf6 17. Bxf8 Kxf8 18. Nd2 Bxg2 19. Kxg2 Na5 20. Rac1 b5 21. Re2 b4 22. Nb3 Nxb3 23. axb3 Bxd4 24. Rec2 bxc3 25. bxc3 Bb6 26. c4 dxc4 27. Rxc4 Rd8 28. Rc8 Rxc8 29. Rxc8+ Ke7 30. Kf3 h5 31. Ke2 Kf6 32. f3 Ke5 33. Kd3 g5 34. Rh8 Bf2 35. Rxh5 Bxg3 36. Rxg5+ Kf4 37. Rg7 f5 38. Ke2 a5 39. Ra7 Bh2 40. Rxa5 Kg3 41. Ra6 e5 42. Rh6 1-0